|
|
|
|
| LEADER |
00000nam a2200000 a 4500 |
| 001 |
vtls001191553 |
| 003 |
SK-MaSNL |
| 005 |
20260302064931.0 |
| 008 |
240318s1978 DE 0 ger |
| 035 |
|
|
|a SNK000134607
|
| 040 |
|
|
|a SNK
|b slo
|c SNK
|e AACR2
|
| 041 |
0 |
|
|a ger
|
| 044 |
|
|
|a DE
|
| 100 |
1 |
|
|a Hrubín, František,
|d 1910-1971
|4 aut
|9 243002
|
| 245 |
1 |
4 |
|a Das Hünchen im Kornfeld
|c František Hrubín ; Prel. Ernst Eggimann ; Ilustr. Jiří Běhounek
|
| 260 |
|
|
|a Aarau-Frankfurta am Main
|b Sauerländer
|c 1978
|
| 300 |
|
|
|a [24] s.
|c 27 cm
|
| 700 |
1 |
|
|a Eggimann, Ernst
|4 trl
|9 727708
|
| 700 |
1 |
|
|a Běhounek, Jiří,
|d 1929-2005
|4 ilu
|9 121431
|
| 958 |
|
|
|a RK
|
| 958 |
|
|
|a OND
|
| 999 |
|
|
|c 1139733
|d 1141663
|
| 952 |
|
|
|t P60, <04>, [BOOK], {604}
|a SNK
|b SNK
|y VYP
|7 0
|o snkIB 37787
|i snkKIP 10004/77
|0 0
|1 0
|4 0
|d 1996-03-18
|l 0
|r 2005-01-01 00:00:00
|w 2026-02-24
|
| 952 |
|
|
|t P60, <04>, [BOOK], {604}
|a SNK
|b SNK
|y VYP
|7 0
|o snkIB 37787 D1
|i snkKIP 10005/77
|0 0
|1 0
|4 0
|d 1996-03-18
|l 0
|r 2005-01-01 00:00:00
|w 2026-02-24
|